Pôsobnosť obce pri sčítaní obyvateľov, domov a bytov v roku 2021

Informácia o zákone č. 223/2019 Z. z. o sčítaní obyvateľov, domov a bytov v roku 2021 a o zmene a doplnení niektorých zákonov, ktorý nadobúda účinnosť 1. septembra 2019. Čo sa považuje za obyvateľa, dom a byt. Povinné osobnosti pri sčítaní. Formy inštitútu asistenta sčítania a jeho základné predpokl...

Ausführliche Beschreibung

Gespeichert in:
Bibliographische Detailangaben
1. Verfasser: Ukropec, Anton
Format: Buchkapitel
Sprache:Slowakisch
Schlagworte:
Tags: Tag hinzufügen
Keine Tags, Fügen Sie das erste Tag hinzu!

MARC

LEADER 00000naa a2200000 4500
001 0268824
005 20200930132526.6
041 0 |a slo 
044 |a SK 
245 1 0 |a Pôsobnosť obce pri sčítaní obyvateľov, domov a bytov v roku 2021  |c Anton Ukropec 
520 |a Informácia o zákone č. 223/2019 Z. z. o sčítaní obyvateľov, domov a bytov v roku 2021 a o zmene a doplnení niektorých zákonov, ktorý nadobúda účinnosť 1. septembra 2019. Čo sa považuje za obyvateľa, dom a byt. Povinné osobnosti pri sčítaní. Formy inštitútu asistenta sčítania a jeho základné predpoklady. Obce a pokuty. 
610 2 0 |a sčítanie ľudu 
610 2 0 |a obce 
610 2 0 |a byty 
610 2 0 |a budovy 
610 2 0 |a pokuty 
100 1 |a Ukropec, Anton